Statistics for World War 1 Quiz

Click here to take the quiz!

General Stats

  • This quiz has been taken 27 times
  • The average score is 7 of 11

Answer Stats

HintAnswer% Correct
What's It Called Where You Dig A Base Underground?A Trench
92%
Was Russia A Communist Country?Yes
92%
When Did WWI End?1918
88%
What Poisonous Gas Was Used In WWI?Mustard Gas
76%
Who Was The President During WWI?Woodrow Wilson
76%
When You Stay In The Above Too Long, What Disease Do You Get?Trench Foot
68%
What's It Called When Two Planes Fight?A Dog FIght
56%
What Did Bulgaria, Germany, Austria-Hungary, And The Ottoman Empire Call Themselves?Central Powers
56%
What Ended WWI?The Treaty Of Versailles
36%
What Was A New Invention In WWI?Machine Gun
24%
What Was The Most Famous Dog In WWI?Sargent Stubby
4%

Score Distribution

Percentile by Number Answered

Percent of People with Each Score

Your Score History

You have not taken this quiz